Normal view
MARC view
- "Nandakum,ar J & Pathak M Tr."
Entry Personal Name
001 - CONTROL NUMBER
- control field: 30251
003 - CONTROL NUMBER IDENTIFIER
- control field: OSt
005 - DATE AND TIME OF LATEST TRANSACTION
- control field: 20220803173656.0
008 - FIXED-LENGTH DATA ELEMENTS
- fixed length control field: 220803|| aca||aabn | a|a d
040 ## - CATALOGING SOURCE
- Original cataloging agency: OSt
- Transcribing agency: OSt
100 ## - HEADING--PERSONAL NAME
- Personal name: "Nandakum,ar J & Pathak M Tr."
670 ## - SOURCE DATA FOUND
- Source citation: Work cat.: (OSt)19072: "Nandakum,ar J & Pathak M Tr.", Swarajya @ 75 .-9789391558611, 2022